000 00235nam a22001097a 4500
040 _cSK
082 _a631
100 _aNA
245 _aKeep alert; ការប្រុងប្រយ័ត្ន
260 _aRUA
_bNA
_cNA
942 _cKB
999 _c9603
_d9603